| 000 | 00406nam a2200145Ia 4500 | ||
|---|---|---|---|
| 001 | 3020 | ||
| 008 | 241024s9999 xx 000 0 und d | ||
| 082 | _a370/R426p/18 | ||
| 100 | _aRepública Dominicana.Secretaría de Estado de Educación y Cultura SEEC | ||
| 245 | 0 | _aProgramas de Impacto 1996-2000 | |
| 260 |
_bEd: Centenario _c2000 |
||
| 590 | _asi | ||
| 901 | _a18/7/2013 8:58:54 a.m. | ||
| 999 |
_c10978 _d10978 |
||